Normal view
MARC view
Entry Nombre de reunión
001 - NÚMERO DE CONTROL
- campo de control: 106310
003 - IDENTIFICADOR DEL NÚMERO DE CONTROL
- campo de control: CHAP
005 - FECHA Y HORA DE LA ÚLTIMA TRANSACCIÓN
- campo de control: 20230710123429.0
008 - DATOS DE LONGITUD FIJA
- campo de control de longitud fija: 971020|| aznnnabb| un and |u
040 ## - FUENTE DE LA CATALOGACIÓN
- Centro catalogador/agencia de origen: mxchpua
- Centro/agencia transcriptor: CHAP
111 10 - ENCABEZAMIENTO--NOMBRE DE CONGRESO/REUNIÓN
- Nombre de congreso/reunión o jurisdicción como elemento de entrada: Simposio Latinoamericano sobre Almacenamiento, Manejo y Conservación de Productos Agrícolas
- Número del congreso/reunión o número de parte o sección: (1a :
- Fecha del congreso/reunión: 1970 julio 13-18 :
- Sede del congreso/Lugar de la reunión: : México, D. F.)
